| 000 | 00818nam a2200253Ia 4500 | ||
|---|---|---|---|
| 001 | 113483 | ||
| 003 | DR-UNIBE | ||
| 005 | 20250430150319.0 | ||
| 008 | 250424b2009 dr ||||| |||| 00| 0 spa d | ||
| 020 | _a9789945423167 | ||
| 040 |
_cBIBLIOTECA UNIBE _aBIBLIOTECA UNIBE _bspa _erda |
||
| 041 | _aspa | ||
| 082 | _aF-RD 5956 | ||
| 100 | 1 |
_aPuello Herrera, Juan Francisco _eautor _950795 |
|
| 245 | 1 | 3 |
_aLos valores morales desde la perspectiva de la fe / _c Juan Francisco Puello Herrera |
| 260 |
_aSanto Domingo : _bUniversidad APEC (UNAPEC), _c2009 |
||
| 300 | 4 | _a68 páginas | |
| 490 |
_aColección UNAPEC por un mundo mejor. Serie ética ; _v1 |
||
| 500 | _aIncluye presentación | ||
| 650 | 7 |
_2lemb _aFé |
|
| 650 | 7 |
_2lemb _aValores (Filosofía) |
|
| 650 | 7 |
_2lemb _aVida cristiana |
|
| 942 |
_2ddc _cMX |
||
| 999 |
_c113483 _d113483 |
||